Erdélyi szász farsangi szokások
Elmentve itt :
| Szerző: | |
|---|---|
| Adatforrás: | Meister |
| Forrásdokumentuma: | Művelődés. - 2 sz., 1995, 27-29 p. |
| Nyelv: | magyar |
| Kulcsszavak: | etnográfia céhek gazdasági intézmények szászok (romániai) németek (romániai) farsang népszokások Erdély |
| LEADER | 00543nab a2200205 i 4500 | ||
|---|---|---|---|
| 001 | bibPRO00001049 | ||
| 008 | 060524s1995 xx hun | ||
| 040 | |a Sz1 | ||
| 041 | |a hun | ||
| 100 | 1 | |a POZSONY Ferenc | |
| 245 | 1 | 0 | |a Erdélyi szász farsangi szokások |c POZSONY Ferenc |
| 695 | |a etnográfia | ||
| 695 | |a céhek | ||
| 695 | |a gazdasági intézmények | ||
| 695 | |a szászok (romániai) | ||
| 695 | |a németek (romániai) | ||
| 695 | |a farsang | ||
| 695 | |a népszokások | ||
| 695 | |a Erdély | ||
| 773 | 0 | |t Művelődés. - |g 2 sz., 1995, 27-29 p. | |